Leipzig Quiz - Statistiken

Allgemein
  • Dieses Quiz wurde 170 mal gespielt
  • Das Durchschnittsergebnis liegt bei 7 aus 10
Antwortstatistiken
Frage Antwort % Korrekt
Ist der größester Kopfbahnhof Europas Leipzig Hauptbahnhof
89%
Das Denkmal für den Kampf gegen Napoleon Völkerschlacht denkmal
88%
Ist Leipzig's 'Linke Virtel' Connewitz
77%
Spielt Leipzig's größte Orchester Gewandhaus
71%
Der gebürtiger Leipziger der Drucken revolutioniert hat Gutenberg
70%
Hat Bach gegründet Thomanerchor
70%
Ist die Hauptsraße der Südvorstadt Karl Liebkenecht
69%
Stehen Plattenbauten Grünau, Paunsdorf unsw
68%
Straßenbahnen die auf der nördlichen Karli fahren 10 und 11
58%
Heißt das Afenhaus in Europa's zweit hübschestem zoo Pongoland
36%
Keine übereinstimmenden Quizze gefunden
Verteilung der Resultate
Anzahl Personen mit jedem Resultat
Perzentil nach korrekt beantworteten Fragen
Ihre Resultats-Entwicklung
Sie haben dieses Quiz noch nicht gespielt